000 00436nam a2200181Ia 4500
001 1695
005 20260306143747.0
008 260306t1997||||xx |||||||||||||| ||spa||
041 _aESP
082 _a155
_bR53
100 _aRice, F. Philip
_eAUT
245 0 _aDesarrollo humano:
_bEstudio del ciclo vital
260 _c1997
300 _a668 páginas :
_c27 x 21 cm.
650 _aGEN
654 _aCPS
942 _cLIB
_dJUS
_fJUS
_2ddc
_n
999 _c1695
_d1695